| 000 | 00587nam a2200193 i 4500 | ||
|---|---|---|---|
| 001 | 29674 | ||
| 003 | ES-MaACL | ||
| 005 | 20230906154054.0 | ||
| 007 | t| | ||
| 008 | 030122s1953 sp ||||1| spa d | ||
| 100 | 1 |
_aBallesteros Gaibrois, Mercedes, _d1913-1995 _925057 |
|
| 245 | 1 | 0 |
_aAsí es la vida / _cpor la Baronesa Alberta (seud.). |
| 260 |
_aBarcelona : _bJosé Janés, _c1953 ( _fC. Puig) |
||
| 300 |
_a214 p. ; _c19 cm. |
||
| 490 | 1 | _aAl monigote de papel | |
| 830 | 0 |
_aAl monigote de papel _9181405 |
|
| 852 |
_aES-MaACL _jC-7947 _bR.34247 |
||
| 999 |
_c29674 _d29674 |
||